Catálogo
 En Linea

Economía y sociedad prehispánica : (Registro nro. 33384)

Detalles MARC
000 -CABECERA
campo de control de longitud fija 00549nam a2200145 a 4500
001 - NÚMERO DE CONTROL
campo de control 000033893
005 - FECHA Y HORA DE LA ÚLTIMA TRANSACCIÓN
campo de control 20200930070614.0
008 - DATOS DE LONGITUD FIJA--INFORMACIÓN GENERAL
campo de control de longitud fija 110914s2007 cl acd 000 0 spa d
020 ## - NÚMERO INTERNACIONAL ESTÁNDAR DEL LIBRO
Número Internacional Estándar del Libro 9789589515396
040 ## - FUENTE DE LA CATALOGACIÓN
Centro catalogador/agencia de origen DO-SdBNP
Lengua de catalogación spa
Centro/agencia transcriptor BNPHU
100 1# - ENTRADA PRINCIPAL--NOMBRE DE PERSONA
Nombre de persona Sánchez, Carlos Augusto
9 (RLIN) 59329
245 10 - MENCIÓN DE TÍTULO
Título Economía y sociedad prehispánica :
Resto del título el uso de la tierra en el Alto Magdalena /
Mención de responsabilidad, etc. Carlos Augusto Sánchez.
260 ## - PUBLICACIÓN, DISTRIBUCIÓN, ETC.
Lugar de publicación, distribución, etc. Bogotá :
Nombre del editor, distribuidor, etc. Fundación de Investigaciones,
Fecha de publicación, distribución, etc. 2007.
Fabricante Panamericana Formas e Impresos
300 ## - DESCRIPCIÓN FÍSICA
Extensión 120 p. :
Otras características físicas il. gráf., retrs. ;
Dimensiones 23 cm.
Existencias
Estado de retiro Estado de pérdida Restricciones de uso No para préstamo Código de colección Localización permanente Ubicación/localización actual Ubicación en estantería Fecha de adquisición Número de inventario Total de préstamos Signatura topográfica completa Código de barras Fecha visto por última vez Precio válido a partir de Tipo de ítem Koha
      Excluido de préstamo Monografías: Libros y Folletos General General En catalogación 14.09.2011 LF1   33893-10 25.06.2020 25.06.2020 No se presta

Con tecnología Koha